000
00335nam a2200145Ia 4500
003
OSt
005
20240213110649.0
008
170524s9999 xx 000 0 und d
020
_a
9383137916
040
_c
IIMT
100
_a
PAWAR A. K.
245
0
_a
CIVIL ENGINEERING DRAWING
260
_b
NEW DELHI: VAYU EDUCATION
942
_2
ddc
_c
02
999
_c
7577
_d
7577